Nhìn lại quá trình đổi mới tư duy lý luận của Đảng trong gần 20 năm qua

সংরক্ষণ করুন:
গ্রন্থ-পঞ্জীর বিবরন
প্রধান লেখক: Hoàng Thị Thành
বিন্যাস: পাণ্ডুলিপি গ্রন্থের অধ্যায়
ভাষা:Vietnamese
বিষয়গুলি:
ট্যাগগুলো: ট্যাগ যুক্ত করুন
কোনো ট্যাগ নেই, প্রথমজন হিসাবে ট্যাগ করুন!
Thư viện lưu trữ: Mạng thư viện Đại học Đà Nẵng
LEADER 00746nta a22002538a 4500
001 000007534
003 3697
005 20111005111043.0
008 111005s viesd
041 0 |a vie 
084 |a R61(1) 
100 1 |a Hoàng Thị Thành 
245 1 0 |a Nhìn lại quá trình đổi mới tư duy lý luận của Đảng trong gần 20 năm qua  |c Hoàng Thị Thành 
650 7 |a Đảng Cộng sản Việt Nam 
650 7 |a Lí luận 
650 7 |a Đổi mới tư duy 
773 0 |g 2005. - Số 2. - Tr.40-47  |t Lý luận chính trị 
OWN |a LSP 
999 |a From the UDN01 
TYP |a Manuscripts 
980 |a Mạng thư viện Đại học Đà Nẵng